| 000 | 01164nam0a2200301 i 4500 | ||
|---|---|---|---|
| 001 | RU\NLR\BIBL_A\011075960 | ||
| 005 | 20240922000625.0 | ||
| 010 |
_a9785170943067 _92000 |
||
| 021 |
_aRU _b2016-16444 _91062 |
||
| 035 | _a(NLR Aleph) 011075960 | ||
| 090 |
_a11299031 _c11299031 |
||
| 100 | _a20160321d2016 u y0rusy50 ca | ||
| 101 | 0 | _arus | |
| 102 | _aRU | ||
| 105 | _aa f 001yy | ||
| 200 | 1 |
_aПолная энциклопедия авиации СССР Второй мировой войны 1939-1945 _eвключая все секретные проекты и разработки _fВ.Е. Юденок |
|
| 210 |
_aМосква _cАСТ _d2016 |
||
| 215 |
_a239 с. _cцв. ил. _d27 |
||
| 225 | 1 | _aВоенная энциклопедия | |
| 300 | _aНа обл. авт. на указан | ||
| 320 | _aУказ.: с. 226-239 | ||
| 606 | 1 |
_aВоенные самолеты _jЭнциклопедии _yСССР _z1939 - 1945 _92168519 _3RU\NLR\AUTH\6601541287 |
|
| 686 | 1 | _aЦ651.11г(2)я20 | |
| 700 | 1 |
_aЮденок _bВ.Е. _gВиктор Евгеньевич |
|
| 942 | _cBOOK | ||
| 980 | _aNBR | ||